000 00887nam a2200205 i 4500
001 187981
003 ES-MaACL
005 20230906223056.0
008 180405s1962 sp |||| | spa d
110 2 _aConsejo Económico Sindical Provincial (Almería)
_9164481
245 1 0 _aPerspectivas de desarrollo económico de la provincia de Almería (en los próximos cinco años).
260 _a[S.l. :
_bs.n.],
_c1962 (
_eMadrid :
_fHispalense Industrial)
300 _a153 p. ;
_c28 cm.
490 1 _aOrganizacion Sindical. Consejo Económico Nacional. Gabinete Técnico ;
_v29
594 _aPrecede al tít.: Consejo Económico Sindical Provincial, Almería.
651 4 _aAlmería (Provincia)-
_xSituación económica.
_9164482
830 0 _aOrganizacion Sindical. Consejo Económico Nacional. Gabinete Técnico ;
_v29
_9192940
852 _aES-MaACL
_jB-13776
999 _c187981
_d187981